000 01169nam a2200265 i 4500
001 103816
003 ES-MaACL
005 20230906183442.0
007 t|
008 051118s1934 sp ||||1| spa d
080 _a351.77(64)
080 _a351.77(671.8)
100 1 _aMestre Peón, Federico.
_980707
245 1 0 _aNecesidad de incorporar a la sanidad nacional los servicios sanitarios de la zona del Protectorado en Marruecos y de las colonias del África Occidental y normas que deberán regular la citada incorporación /
_cponentes, Federico Mestre Peón, Pedro Zarco Bohorques, Luis Nájera Angulo.
260 _aMadrid :
_b[s.n.],
_c1934 (
_fGráf. Literaria Hernani)
300 _a22 p., [6] h. de mapas ;
_c24 cm.
594 _aPrecede al tít.: Primer Congreso Nacional de Sanidad, 6-12 de mayo de 1934.
650 4 _aSalud pública-
_zMarruecos.
_9148607
650 4 _aSalud pública-
_zGuinea Ecuatorial.
_9148608
700 1 _aZarco Bohorques, Pedro.
_9118063
700 1 _aNájera Angulo, Luis.
_984870
711 2 _aCongreso Nacional de Sanidad (
_n1º.
_d1934.
_cMadrid)
_9562
852 _aES-MaACL
_j1797-F-4
852 _aES-MaACL
_j1809-F-15
999 _c103816
_d103816